[Event "LiSB-ch C"]
[Site "Sittard"]
[Date "2003.12.06"]
[Round "5"]
[White "Leenders, Hans"]
[Black "Lemmen, Raoul"]
[Result "0-1"]
[WhiteElo "1645"]
[BlackElo "1598"]
[PlyCount "72"]
[EventDate "2003.11.29"]
[EventType "swiss"]
[EventRounds "7"]
[EventCountry "NED"]
[SourceTitle "EXT 2009"]
[Source "ChessBase"]
[SourceDate "2008.11.26"]
[SourceVersion "1"]
[SourceVersionDate "2008.11.26"]
[SourceQuality "1"]

1. Nf3 d5 2. d4 Nf6 3. h3 e6 4. Bf4 c5 5. e3 Nc6 6. c3 Bd7 7. Bd3 c4 8. Bc2 Rc8 9. Nbd2 Qa5 10. 0-0 b5 11. a3 Be7 12. Re1 0-0 13. e4 dxe4 14. Nxe4 Nd5 15. Bh2 Rfd8 16. Neg5 h6 17. Ne4 Be8 18. Qe2 Qb6 19. Ne5 a5 20. Kh1 Nxe5 21. Bxe5 f5 22. Ng3 Bf7 23. f4 Bh4 24. Qf3 b4 25. Re2 bxc3 26. bxc3 Qb2 27. Rb1 Qxc3 28. Nf1 Qxf3 29. gxf3 Nc3 30. Rg2 Nxb1 31. Rxg7+ Kf8 32. Bxb1 Bf2 33. Rh7 Bxd4 34. Rh8+ Bg8 35. Bxd4 Rxd4 36. Rxh6 Rd1 0-1

[Event "LiSB-ch C"]
[Site "Sittard"]
[Date "2003.11.29"]
[Round "2"]
[White "Leenders, Hans"]
[Black "Te Boekhorst, Rene"]
[Result "1-0"]
[WhiteElo "1645"]
[BlackElo "1369"]
[PlyCount "107"]
[EventDate "2003.11.29"]
[EventType "swiss"]
[EventRounds "7"]
[EventCountry "NED"]
[SourceTitle "EXT 2009"]
[Source "ChessBase"]
[SourceDate "2008.11.26"]
[SourceVersion "1"]
[SourceVersionDate "2008.11.26"]
[SourceQuality "1"]

1. e4 e5 2. d4 exd4 3. c3 c5 4. Nf3 Be7 5. cxd4 cxd4 6. Nxd4 Nc6 7. Bc4 Nxd4 8. Qxd4 Bf6 9. Qd3 Ne7 10. 0-0 0-0 11. Nc3 Nc6 12. Bf4 Be5 13. Bxe5 Nxe5 14. Qe2 Nxc4 15. Qxc4 d6 16. Rad1 Be6 17. Qb4 Qg5 18. Qxd6 Rad8 19. Qg3 Qxg3 20. hxg3 a6 21. f4 b5 22. Nd5 Bxd5 23. Rxd5 Rxd5 24. exd5 Rd8 25. Rc1 g6 26. Rc5 Kg7 27. Kf2 b4 28. Ke3 Ra8 29. g4 a5 30. d6 a4 31. Kd3 b3 32. a3 Rd8 33. Rc6 Kf6 34. Kc4 Ke6 35. Kb5 Kd5 36. Rb6 Rxd6 37. Rxd6+ Kxd6 38. Kxa4 Kd5 39. Kxb3 Kc5 40. Kc3 Kb5 41. b3 f6 42. g5 f5 43. g3 Kc5 44. b4+ Kb5 45. Kb3 Kb6 46. a4 Ka6 47. Kc4 Kb6 48. a5+ Kc6 49. b5+ Kb7 50. Kc5 h6 51. a6+ Ka7 52. gxh6 g5 53. h7 g4 54. b6+ 1-0

[Event "LiSB-ch B"]
[Site "Stein"]
[Date "2002.12.01"]
[Round "4"]
[White "Heuts, John"]
[Black "Leenders, Hans"]
[Result "1-0"]
[WhiteElo "1656"]
[BlackElo "1660"]
[PlyCount "91"]
[EventDate "2002.11.30"]
[EventType "swiss"]
[EventRounds "7"]
[EventCountry "NED"]
[SourceTitle "EXT 2013"]
[Source "ChessBase"]
[SourceDate "2012.11.22"]
[SourceVersion "1"]
[SourceVersionDate "2012.11.22"]
[SourceQuality "1"]

1. c4 e5 2. Nc3 Nf6 3. Nf3 Nc6 4. g3 d6 5. Bg2 Rb8 6. d3 Bd7 7. 0-0 Be7 8. Rb1 a5 9. a3 0-0 10. h3 Re8 11. Bd2 h6 12. b4 axb4 13. axb4 Bf8 14. e4 b6 15. Nb5 Qc8 16. Kh2 Ne7 17. Nc3 c5 18. b5 Qb7 19. Ra1 Ra8 20. Qc2 Rxa1 21. Rxa1 Ra8 22. Na4 Nc8 23. Nh4 Ra7 24. f4 Qc7 25. Nf3 Be7 26. f5 Nh7 27. h4 f6 28. Bh3 Be8 29. Qb2 Bf7 30. g4 Bd8 31. Qc1 Qe7 32. Qd1 Qc7 33. Qg1 Qe7 34. Qc1 Kh8 35. Qc2 Qc7 36. Rg1 Qb8 37. g5 hxg5 38. hxg5 fxg5 39. Nxg5 Bxg5 40. Bxg5 Nxg5 41. Rxg5 Qa8 42. Nc3 Ra1 43. Rg2 Ne7 44. Qf2 Ng8 45. Qh4+ Nh6 46. f6 1-0

[Event "LiSB-ch B"]
[Site "Stein"]
[Date "2002.12.01"]
[Round "3"]
[White "Leenders, Hans"]
[Black "Orbons, Richard"]
[Result "1/2-1/2"]
[WhiteElo "1660"]
[BlackElo "1693"]
[PlyCount "57"]
[EventDate "2002.11.30"]
[EventType "swiss"]
[EventRounds "7"]
[EventCountry "NED"]
[SourceTitle "EXT 2013"]
[Source "ChessBase"]
[SourceDate "2012.11.22"]
[SourceVersion "1"]
[SourceVersionDate "2012.11.22"]
[SourceQuality "1"]

1. Nf3 g6 2. d4 Bg7 3. c3 Nf6 4. h3 0-0 5. Bf4 d6 6. e3 Nbd7 7. Bd3 c5 8. 0-0 b6 9. Re1 Bb7 10. Nbd2 Rc8 11. Rc1 e5 12. dxe5 dxe5 13. Bxe5 Nxe5 14. Nxe5 Qd5 15. Ndf3 Rcd8 16. Bc4 Qe4 17. Qc2 Qxc2 18. Rxc2 Bd5 19. Rd1 Bxc4 20. Rxd8 Rxd8 21. Nxc4 Rd1+ 22. Kh2 Ne4 23. Re2 Rf1 24. g3 Rxf2+ 25. Rxf2 Nxf2 26. a4 Nd1 27. Ne1 Nxb2 28. Nxb2 Bxc3 29. Ned3 1/2-1/2

[Event "LiSB-ch B"]
[Site "Stein"]
[Date "2002.11.30"]
[Round "1"]
[White "Leenders, Hans"]
[Black "Schoffelen, Jan"]
[Result "1-0"]
[WhiteElo "1660"]
[BlackElo "1325"]
[PlyCount "80"]
[EventDate "2002.11.30"]
[EventType "swiss"]
[EventRounds "7"]
[EventCountry "NED"]
[SourceTitle "EXT 2013"]
[Source "ChessBase"]
[SourceDate "2012.11.22"]
[SourceVersion "1"]
[SourceVersionDate "2012.11.22"]
[SourceQuality "1"]

1. Nf3 Nc6 2. e4 e5 3. Bc4 Bc5 4. d3 Nge7 5. c3 Na5 6. Nxe5 Nxc4 7. Nxc4 b5 8. Ne3 d6 9. 0-0 0-0 10. a4 Bd7 11. d4 bxa4 12. dxc5 Nc8 13. cxd6 Nxd6 14. f3 Bb5 15. Re1 Re8 16. Na3 c6 17. Kh1 Re6 18. c4 Ba6 19. Qxa4 Bb7 20. Bd2 Nxe4 21. fxe4 Qxd2 22. Qc2 Qd4 23. Nf5 Qe5 24. c5 Rae8 25. Nd6 Rh6 26. h3 Re7 27. Nf5 Rhe6 28. Nxe7+ Rxe7 29. Rac1 Rd7 30. Red1 Re7 31. Rd8+ Re8 32. Rcd1 Kf8 33. Qd3 Qe7 34. Qd6 Rxd8 35. Qxd8+ Qe8 36. Qxe8+ Kxe8 37. Nc4 Ba6 38. b3 Bc8 39. Nd6+ Kd7 40. Nxc8+ Kxc8 1-0

[Event "Venlo VSV 75 B4"]
[Site "Venlo"]
[Date "2000.08.27"]
[Round "3"]
[White "Jacobs, Bob"]
[Black "Leenders, Hans"]
[Result "0-1"]
[WhiteElo "1570"]
[BlackElo "1649"]
[PlyCount "70"]
[EventDate "2000.08.25"]
[EventType "tourn"]
[EventRounds "3"]
[EventCountry "NED"]
[SourceTitle "EXT 2013"]
[Source "ChessBase"]
[SourceDate "2012.11.22"]
[SourceVersion "1"]
[SourceVersionDate "2012.11.22"]
[SourceQuality "1"]

1. d4 e6 2. c4 Nf6 3. Nc3 Bb4 4. Bd2 b6 5. Nf3 Bb7 6. e3 0-0 7. Be2 d6 8. 0-0 Nbd7 9. Rc1 c5 10. a3 Bxc3 11. Bxc3 Ne4 12. Qc2 Ndf6 13. Nd2 Nxc3 14. Qxc3 Ne4 15. Nxe4 Bxe4 16. Rfd1 Qe7 17. Bd3 Bxd3 18. Rxd3 Rad8 19. Rcd1 f6 20. Kf1 e5 21. dxe5 fxe5 22. Qd2 Rf6 23. Rd5 e4 24. Rh5 Qf7 25. Qd5 Rxf2+ 26. Kg1 Qxd5 27. Rhxd5 Rxb2 28. Rxd6 Rxd6 29. Rxd6 Kf8 30. Re6 Ra2 31. Rxe4 Rxa3 32. Rf4+ Ke7 33. Kf2 Ra4 34. Kf3 a6 35. Ke2 b5 0-1

[Event "Venlo VSV 75 B4"]
[Site "Venlo"]
[Date "2000.08.26"]
[Round "2"]
[White "Leenders, Hans"]
[Black "Vink, Ron"]
[Result "1/2-1/2"]
[WhiteElo "1649"]
[BlackElo "1636"]
[PlyCount "68"]
[EventDate "2000.08.25"]
[EventType "tourn"]
[EventRounds "3"]
[EventCountry "NED"]
[SourceTitle "EXT 2013"]
[Source "ChessBase"]
[SourceDate "2012.11.22"]
[SourceVersion "1"]
[SourceVersionDate "2012.11.22"]
[SourceQuality "1"]

1. e4 d5 2. exd5 Qxd5 3. Nc3 Qa5 4. Nf3 Bg4 5. Be2 e6 6. a3 c6 7. 0-0 Nf6 8. d3 Bd6 9. Bd2 Qc7 10. h3 Bh5 11. Ng5 Bxe2 12. Qxe2 h6 13. Nge4 Nbd7 14. Rfe1 0-0 15. Qf3 Nxe4 16. Nxe4 Ne5 17. Qe2 Ng6 18. d4 Rfe8 19. Rad1 Rad8 20. c3 Bf4 21. Bxf4 Qxf4 22. Qe3 b6 23. Nd2 Qf6 24. Nf3 Rd7 25. Ne5 Nxe5 26. Qxe5 Qxe5 27. dxe5 Red8 28. Rxd7 Rxd7 29. Re2 Kf8 30. f4 Rd3 31. Kf2 c5 32. Re3 Rd2+ 33. Re2 Rd3 34. Re3 Rd2+ 1/2-1/2

[Event "LiSB-ch C"]
[Site "Heerlen"]
[Date "1999.11.27"]
[Round "6"]
[White "Hodenius, Frans"]
[Black "Leenders, Hans"]
[Result "0-1"]
[WhiteElo "1439"]
[BlackElo "1649"]
[PlyCount "101"]
[EventDate "1999.11.20"]
[EventType "swiss"]
[EventRounds "7"]
[EventCountry "NED"]
[SourceTitle "EXT 2002"]
[Source "ChessBase"]
[SourceDate "2001.11.25"]
[SourceVersion "1"]
[SourceVersionDate "2001.11.25"]
[SourceQuality "1"]

1. c4 e5 2. Nc3 Nf6 3. Nf3 Nc6 4. g3 d6 5. Bg2 Bd7 6. 0-0 Be7 7. e3 0-0 8. d4 exd4 9. exd4 Re8 10. Re1 a6 11. a3 Qc8 12. d5 Na7 13. Nd4 Bh3 14. Bh1 Qd7 15. Qd3 Bf8 16. Bd2 Rxe1+ 17. Rxe1 Re8 18. Ne4 Nxe4 19. Rxe4 Rxe4 20. Bxe4 g6 21. b3 Qe7 22. Qe3 Nc8 23. Bf3 Bd7 24. Qxe7 Nxe7 25. h4 Nf5 26. Be3 Bg7 27. Nxf5 Bxf5 28. Bd1 Bd3 29. Ba7 Bf6 30. Be3 b5 31. cxb5 axb5 32. Bc1 Be4 33. Be2 Bxd5 34. Bxb5 Bxb3 35. Kf1 Kf8 36. Bd2 Bd4 37. a4 Ke7 38. a5 Bd5 39. Ke2 c6 40. Bd3 Kd7 41. Be3 Bxe3 42. fxe3 f5 43. Kf2 c5 44. Be2 Kc6 45. g4 c4 46. Bd1 Kb5 47. g5 Kxa5 48. h5 Kb4 49. hxg6 hxg6 50. Ke1 Kc3 51. Ba4 0-1